[Event "TUR Cup"]
[Site "Antalya"]
[Date "2017.01.30"]
[Round "4"]
[White "Kul, Mahir Mete"]
[Black "Seker, Murat"]
[Result "1-0"]
[WhiteElo "1598"]
[BlackElo "1487"]
[PlyCount "84"]
[EventDate "2017.01.28"]
[EventType "swiss"]
[EventRounds "11"]
[EventCountry "TUR"]
[SourceTitle "CBM 176 Extra"]
[Source "ChessBase"]
[SourceDate "2017.03.02"]
[SourceVersion "1"]
[SourceVersionDate "2017.03.02"]
[SourceQuality "1"]

1. e4 c5 2. Nf3 d6 3. d4 cxd4 4. Nxd4 Nf6 5. Nc3 a6 6. Bg5 e6 7. f4 Be7 8. Qf3 Qc7 9. 0-0-0 Nc6 10. g4 Bd7 11. Kb1 Nxd4 12. Rxd4 Bc6 13. Bg2 Rc8 14. Qe2 Qb6 15. Rhd1 0-0 16. R4d3 Qa5 17. e5 dxe5 18. Bxc6 Rxc6 19. fxe5 Rxc3 20. Rxc3 Nd5 21. Bxe7 Nxc3+ 22. bxc3 Re8 23. Bd6 Qxc3 24. Qd3 Qc6 25. Ba3 h6 26. Qd7 Qb6+ 27. Bb2 Rb8 28. Qd6 Qa7 29. Qc7 a5 30. Bd4 Qa8 31. Rf1 Rf8 32. Bc5 Qa6 33. Rf2 Qb5+ 34. Kc1 Qc4 35. Qe7 Rc8 36. Rxf7 Qxg4 37. Rxg7+ Qxg7 38. Qxe6+ Qf7 39. Qxc8+ Kh7 40. Kb2 b5 41. Bd6 b4 42. Qc7 Qxc7 1-0